00336 2200145 4500001002100000005001500021035002000036245005100056100002000107300001200127260001700139082000800156084001400164990001200178INLIS00000000000202320250527085338 a0010-05250003151 aIlmu Kebumian Dan Antariksa /cBayong Tjasyono0 aBayong Tjasyono a232 hlm bRosda,c2008 a550 a550 BAY i a0713278